000 003410000a22001450004500
003 MACL
040 _aMACL
090 _c8809
_d8808
100 _aAli, Amjad
245 _aDigital Libraries And Information Networks
260 _bEss Ess Publications
_c2007
350 _a925
650 _aLibrary And Information Science
942 _cBOOK
_k020
999 _c8754
_d8754